000 00880cab a2200277 4500
001 ABS51820
008 090401t1994 xxu||||| |||| 00| 0 eng d
035 _a(Sirsi) u45283
041 _aeng
100 _aPunter, J.
245 4 _aThe design content of development plans
260 _c1994
350 _a0
490 _aPlanning Practice & Research
_v9(3) 1994, 199-220(22)
520 _aAnalysis of the content of 73 unitary or district-wide development plans, which forms part of a broader report, "Design policies in local plans: a research report" 1994 DoE.
650 _aCONTENT ANALYSIS
650 _aDESIGN POLICIES
650 _aDEVELOPMENT PLANS
650 _aLOCAL DEVELOPMENT PLANS
650 _aURBAN DESIGN POLICIES
690 _aPLANNING LAW AND PRACTICE
700 _aCarmona, M.
700 _aPlatts, A.
942 _n0
948 _c04/03/1997
999 _c28780
_d28780